[Event "18. Obert Int. Sant Marti 2016 - B"]
[Site "Barcelona ESP"]
[Date "2016.07.13"]
[Round "1.2"]
[White "Fernandez Egea, Andres"]
[Black "Hinarejos Montano, Andres"]
[Result "1-0"]
[WhiteElo "1886"]
[BlackElo "1620"]
[PlyCount "61"]
[EventDate "2016.07.13"]
[EventType "swiss"]
[EventRounds "9"]
[EventCountry "ESP"]
[SourceTitle "Ajedrez en Madrid"]
[Source "lmi"]
[SourceDate "2016.07.13"]
[SourceVersion "1"]
[SourceVersionDate "2019.06.21"]
[SourceQuality "1"]

1. e4 e5 2. Nf3 d6 3. d4 exd4 4. Bc4 Be7 5. Nxd4 Nf6 6. Nc3 O-O 7. f3 c5 8.
Nde2 Be6 9. Nd5 Nc6 10. Nef4 Bxd5 11. Bxd5 Qc7 12. c3 Ne5 13. Be3 Rab8 14. O-O
b5 15. Qe2 a6 16. a4 h6 17. axb5 axb5 18. Ra6 Kh7 19. Rfa1 g5 20. Ra7 Qd8 21.
Nh3 Nxd5 22. exd5 Ng6 23. f4 Bf6 24. fxg5 hxg5 25. Nxg5+ Bxg5 26. Qh5+ Kg7 27.
Bxg5 Rh8 28. Qg4 Qe8 29. Rf1 Rf8 30. Bf6+ Kg8 31. Qg5 1-0

[Event "18. Obert Int. Sant Marti 2016 - B"]
[Site "Barcelona ESP"]
[Date "2016.07.13"]
[Round "1.3"]
[White "Ramal Mata, Rodrigo"]
[Black "Subirana Santos, Marc"]
[Result "1-0"]
[WhiteElo "1948"]
[BlackElo "1706"]
[PlyCount "111"]
[EventDate "2016.07.13"]
[EventType "swiss"]
[EventRounds "9"]
[EventCountry "ESP"]
[SourceTitle "Ajedrez en Madrid"]
[Source "lmi"]
[SourceDate "2016.07.13"]
[SourceVersion "1"]
[SourceVersionDate "2019.06.21"]
[SourceQuality "1"]

1. d4 Nf6 2. c4 g6 3. Nc3 Bg7 4. e4 d6 5. f4 O-O 6. Nf3 Na6 7. Bd3 c6 8. O-O
Qb6 9. Na4 Qa5 10. e5 Ne8 11. Bd2 Qd8 12. Qe2 Rb8 13. Rad1 Nac7 14. Nc3 a6 15.
a4 Bg4 16. h3 Bd7 17. Ng5 h6 18. Nf3 b5 19. axb5 cxb5 20. cxb5 Nxb5 21. Nxb5
Bxb5 22. Bc3 e6 23. Ra1 dxe5 24. fxe5 Nc7 25. Bxb5 Rxb5 26. Rxa6 Rd5 27. Ra5
Qb8 28. Rfa1 Rc8 29. R1a4 Rxa5 30. Rxa5 Nd5 31. Qd3 Qc7 32. Rc5 Qb7 33. Rxc8+
Qxc8 34. Nd2 Qa8 35. Ne4 Qa1+ 36. Kh2 Qc1 37. Qf3 Ne3 38. Nd2 Nd5 39. h4 Qe1
40. Qg3 Qxg3+ 41. Kxg3 h5 42. Ne4 Bh6 43. Nf6+ Nxf6 44. exf6 g5 45. b4 Kf8 46.
Kf3 gxh4 47. Ke4 Ke8 48. Ke5 Kd7 49. b5 Bf8 50. d5 Bd6+ 51. Kd4 exd5 52. Kxd5
Bb8 53. b6 Bg3 54. Be5 Bf2 55. b7 h3 56. b8=Q 1-0

[Event "18. Obert Int. Sant Marti 2016 - B"]
[Site "Barcelona ESP"]
[Date "2016.07.13"]
[Round "1.4"]
[White "Palau Fontanet, David"]
[Black "Cardenas, Fernando Adrian"]
[Result "0-1"]
[WhiteElo "1703"]
[BlackElo "1943"]
[PlyCount "84"]
[EventDate "2016.07.13"]
[EventType "swiss"]
[EventRounds "9"]
[EventCountry "ESP"]
[SourceTitle "Ajedrez en Madrid"]
[Source "lmi"]
[SourceDate "2016.07.13"]
[SourceVersion "1"]
[SourceVersionDate "2019.06.21"]
[SourceQuality "1"]

1. d4 Nf6 2. Bf4 c5 3. e3 Qb6 4. b3 d5 5. Nf3 Bg4 6. Be2 Nc6 7. c3 e6 8. Ne5
Bxe2 9. Qxe2 Bd6 10. O-O Bxe5 11. Bxe5 Nxe5 12. dxe5 Nd7 13. f4 O-O 14. Nd2 f6
15. exf6 Nxf6 16. c4 Rad8 17. Rad1 Qa6 18. a4 Rd7 19. e4 Rfd8 20. e5 Ne8 21.
Nf3 dxc4 22. Rxd7 Rxd7 23. Qxc4 Qxc4 24. bxc4 h6 25. Kf2 Rd3 26. Rb1 Rd7 27.
Ke3 b6 28. Ra1 Nc7 29. Ra3 Na6 30. a5 Nb4 31. Ke2 Kf7 32. axb6 axb6 33. Ra1 Ke7
34. Rd1 Rxd1 35. Kxd1 Nd3 36. g3 Nb2+ 37. Kc2 Nxc4 38. Kc3 b5 39. Ne1 Kd7 40.
Nd3 Kc6 41. Nf2 Kd5 42. Nd3 Ne3 0-1

[Event "18. Obert Int. Sant Marti 2016 - B"]
[Site "Barcelona ESP"]
[Date "2016.07.13"]
[Round "1.5"]
[White "Minguell Soler, Joan"]
[Black "Berengeno Vierge, Rodolfo"]
[Result "1-0"]
[WhiteElo "1942"]
[BlackElo "1699"]
[PlyCount "59"]
[EventDate "2016.07.13"]
[EventType "swiss"]
[EventRounds "9"]
[EventCountry "ESP"]
[SourceTitle "Ajedrez en Madrid"]
[Source "lmi"]
[SourceDate "2016.07.13"]
[SourceVersion "1"]
[SourceVersionDate "2019.06.21"]
[SourceQuality "1"]

1. d4 Nf6 2. c4 g6 3. Nc3 d5 4. cxd5 Nxd5 5. e4 Nxc3 6. bxc3 Bg7 7. Be3 c5 8.
Bc4 cxd4 9. cxd4 O-O 10. Qd2 Nc6 11. Ne2 Qa5 12. Rd1 Qxd2+ 13. Rxd2 Rd8 14. O-O
Na5 15. Bd3 Nc6 16. Bb5 Bd7 17. d5 Ne5 18. Bxd7 Rxd7 19. Rc2 e6 20. dxe6 fxe6
21. h3 Nc6 22. Rb1 Rad8 23. f4 Rd1+ 24. Rxd1 Rxd1+ 25. Kf2 Rd7 26. g4 Bf8 27.
Kf3 Rd3 28. Rd2 Rxd2 29. Bxd2 Nd4+ 30. Nxd4 1-0

[Event "18. Obert Int. Sant Marti 2016 - B"]
[Site "Barcelona ESP"]
[Date "2016.07.13"]
[Round "1.6"]
[White "Maqueda Berdugo, Francisco"]
[Black "Khachatryan, Tigran V."]
[Result "1-0"]
[WhiteElo "1696"]
[BlackElo "1936"]
[PlyCount "169"]
[EventDate "2016.07.13"]
[EventType "swiss"]
[EventRounds "9"]
[EventCountry "ESP"]
[SourceTitle "Ajedrez en Madrid"]
[Source "lmi"]
[SourceDate "2016.07.13"]
[SourceVersion "1"]
[SourceVersionDate "2019.06.21"]
[SourceQuality "1"]

1. e4 g6 2. d4 Bg7 3. Nc3 d6 4. f4 Nf6 5. Nf3 Bg4 6. h3 Bxf3 7. Qxf3 O-O 8. e5
Nfd7 9. Qxb7 Nb6 10. Nd5 N8d7 11. Nxb6 Nxb6 12. Bd3 c5 13. dxc5 Na4 14. O-O
Nxc5 15. Qf3 dxe5 16. fxe5 Bxe5 17. Bc4 Qd4+ 18. Qe3 Qd6 19. Kh1 e6 20. Qf3 Bg7
21. Rd1 Qe5 22. Rb1 Rad8 23. Be3 Na4 24. Rxd8 Rxd8 25. Rf1 Qc7 26. b3 Nc3 27.
a4 h5 28. Bd3 Nd5 29. Qf2 Nb4 30. Bc4 Nc6 31. Bb5 Nd4 32. Bd3 Nxb3 33. Bxg6
fxg6 34. cxb3 Rf8 35. Qe2 Qe5 36. Rxf8+ Bxf8 37. Qd3 Qg3 38. Qe4 a6 39. Qf4
Qe1+ 40. Kh2 Qd1 41. Qf6 Bd6+ 42. Bf4 Bxf4+ 43. Qxf4 Qxb3 44. Qf6 Qb8+ 45. Kg1
Qb1+ 46. Kh2 Qf5 47. Qd8+ Kg7 48. Qd7+ Kh6 49. Qc6 a5 50. Qb5 Qf4+ 51. Kg1 Qd2
52. Qc6 e5 53. Qe8 Qd4+ 54. Kh1 e4 55. Qf8+ Kg5 56. Qe7+ Kf5 57. Qf7+ Kg5 58.
Qe7+ Qf6 59. Qc5+ Qf5 60. Qe7+ Kh6 61. Qe8 Qf1+ 62. Kh2 Qf4+ 63. Kh1 e3 64.
Qh8+ Kg5 65. Qd8+ Qf6 66. Qxa5+ Kh4 67. Qe1+ Qf2 68. Qb4+ Kg3 69. Qd6+ Qf4 70.
Qxf4+ Kxf4 71. Kg1 Kg3 72. Kf1 e2+ 73. Kxe2 Kxg2 74. h4 Kg3 75. a5 Kxh4 76. Kf3
Kh3 77. a6 g5 78. a7 g4+ 79. Kf2 h4 80. a8=Q g3+ 81. Kg1 Kg4 82. Qc8+ Kg5 83.
Qh3 Kh5 84. Qf5+ Kh6 85. Qg4 1-0

[Event "18. Obert Int. Sant Marti 2016 - B"]
[Site "Barcelona ESP"]
[Date "2016.07.13"]
[Round "1.7"]
[White "Martin Vilanova, Jordi"]
[Black "Martin Sanchez, Antoni"]
[Result "1-0"]
[WhiteElo "1919"]
[BlackElo "1678"]
[PlyCount "51"]
[EventDate "2016.07.13"]
[EventType "swiss"]
[EventRounds "9"]
[EventCountry "ESP"]
[SourceTitle "Ajedrez en Madrid"]
[Source "lmi"]
[SourceDate "2016.07.13"]
[SourceVersion "1"]
[SourceVersionDate "2019.06.21"]
[SourceQuality "1"]

1. Nf3 d5 2. g3 Nf6 3. Bg2 c5 4. c4 Nc6 5. cxd5 Nxd5 6. Nc3 e6 7. O-O Be7 8. e4
Nxc3 9. bxc3 O-O 10. d4 cxd4 11. cxd4 Qc7 12. Bf4 Bd6 13. e5 Bb4 14. Qc2 Ba5
15. Rac1 Qe7 16. Ng5 g6 17. Bxc6 bxc6 18. Qxc6 Bd7 19. Qg2 Bb6 20. Qh3 h5 21.
Ne4 Bb5 22. Bg5 Qb7 23. Nf6+ Kg7 24. Nxh5+ gxh5 25. Qxh5 Bxf1 26. Bf6+ 1-0

[Event "18. Obert Int. Sant Marti 2016 - B"]
[Site "Barcelona ESP"]
[Date "2016.07.13"]
[Round "1.8"]
[White "Di Fiori Piccolo, Elcio"]
[Black "Parayre Soguero, Jordi"]
[Result "1/2-1/2"]
[WhiteElo "1666"]
[BlackElo "1918"]
[PlyCount "133"]
[EventDate "2016.07.13"]
[EventType "swiss"]
[EventRounds "9"]
[EventCountry "ESP"]
[SourceTitle "Ajedrez en Madrid"]
[Source "lmi"]
[SourceDate "2016.07.13"]
[SourceVersion "1"]
[SourceVersionDate "2019.06.21"]
[SourceQuality "1"]

1. c4 b6 2. Nc3 Bb7 3. e3 e6 4. Nf3 Nf6 5. g3 Be7 6. Bg2 O-O 7. O-O d5 8. b3
dxc4 9. bxc4 c5 10. Bb2 Nc6 11. d4 Rc8 12. Rc1 Qc7 13. Qe2 Na5 14. Nb5 Qb8 15.
Rfd1 a6 16. Nc3 cxd4 17. Rxd4 Bc5 18. Rh4 Be7 19. Rd4 Rfd8 20. Na4 Bc6 21. Qc2
Qb7 22. Nh4 Bxg2 23. Nxg2 Rxd4 24. Bxd4 Rxc4 25. Qd1 b5 26. Rxc4 Nxc4 27. Nc3
Qc6 28. Ne2 h6 29. Ba1 Qf3 30. Qc2 Qe4 31. Qd1 Nd5 32. Ngf4 Nxf4 33. Nxf4 Bd6
34. Ne2 Be5 35. Nd4 Bxd4 36. Bxd4 Qd5 37. Qc2 e5 38. Bc3 g6 39. e4 Qd7 40. Qc1
Kh7 41. Kg2 Qd3 42. Qe1 f6 43. Kg1 Qc2 44. Qa1 Qxe4 45. a4 Qd5 46. axb5 Qxb5
47. Qd1 h5 48. Qd8 Qb1+ 49. Kg2 Qe4+ 50. Kg1 Qf5 51. Qc7+ Kh6 52. Qxc4 Qb1+ 53.
Kg2 Qb7+ 54. f3 g5 55. Qd3 Qb3 56. Qd2 Qb5 57. Bb2 a5 58. Bc1 Qc4 59. h4 e4 60.
hxg5+ Kg6 61. fxe4 Qxe4+ 62. Kh2 h4 63. gxh4 Qxh4+ 64. Kg1 Qxg5+ 65. Qxg5+ fxg5
66. Kg2 Kf5 67. Kg3 1/2-1/2

[Event "18. Obert Int. Sant Marti 2016 - B"]
[Site "Barcelona ESP"]
[Date "2016.07.13"]
[Round "1.10"]
[White "Cervera Lopez, Miguel"]
[Black "Riera Danes, Manel"]
[Result "0-1"]
[WhiteElo "1655"]
[BlackElo "1916"]
[PlyCount "110"]
[EventDate "2016.07.13"]
[EventType "swiss"]
[EventRounds "9"]
[EventCountry "ESP"]
[SourceTitle "Ajedrez en Madrid"]
[Source "lmi"]
[SourceDate "2016.07.13"]
[SourceVersion "1"]
[SourceVersionDate "2019.06.21"]
[SourceQuality "1"]

1. c4 Nf6 2. Nc3 g6 3. g3 Bg7 4. Bg2 c5 5. e3 O-O 6. Nge2 d6 7. d4 Na6 8. a3
Rb8 9. Nb5 Qb6 10. d5 Ra8 11. O-O Bd7 12. Nec3 Nb8 13. Na4 Qd8 14. Nbc3 a6 15.
b3 b5 16. Nb2 Ra7 17. Qc2 Ne8 18. e4 e6 19. Be3 Qf6 20. Ncd1 exd5 21. cxd5 Rc7
22. Ra2 Bc8 23. h4 Qd8 24. a4 Nd7 25. axb5 axb5 26. Ra8 Rb7 27. Bh3 Nc7 28. Ra2
Ne5 29. Bxc8 Qxc8 30. Kg2 Ne8 31. Qd2 f5 32. Nd3 fxe4 33. Nxe5 Bxe5 34. Bg5 Rf3
35. Ne3 Bf6 36. Rh1 Rf7 37. Bh6 Bd4 38. Qa5 Nc7 39. Qb6 Rd7 40. Bf4 Bxe3 41.
Bxe3 Nxd5 42. Qxb5 Nxe3+ 43. fxe3 Rdf7 44. Qc4 Qf5 45. Ra8+ Kg7 46. Qc3+ Kh6
47. Ra2 Qg4 48. Qe1 Qf5 49. Rb2 d5 50. Ra2 d4 51. exd4 cxd4 52. h5 gxh5 53.
Rxh5+ Qxh5 54. Ra6+ Kg7 55. Ra5 Qg6 0-1

[Event "18. Obert Int. Sant Marti 2016 - B"]
[Site "Barcelona ESP"]
[Date "2016.07.13"]
[Round "1.11"]
[White "Carrey Abellan, Enric"]
[Black "Pascual Gonzalez-Novelles, David"]
[Result "1-0"]
[WhiteElo "1911"]
[BlackElo "1650"]
[PlyCount "75"]
[EventDate "2016.07.13"]
[EventType "swiss"]
[EventRounds "9"]
[EventCountry "ESP"]
[SourceTitle "Ajedrez en Madrid"]
[Source "lmi"]
[SourceDate "2016.07.13"]
[SourceVersion "1"]
[SourceVersionDate "2019.06.21"]
[SourceQuality "1"]

1. d4 d5 2. c4 c6 3. Nc3 Nf6 4. e3 e6 5. Nf3 Nbd7 6. Bd3 Be7 7. O-O dxc4 8.
Bxc4 Nd5 9. e4 Nxc3 10. bxc3 O-O 11. Qc2 b5 12. Bd3 f6 13. Bf4 Nb6 14. Rfd1 Qe8
15. Nd2 Nd7 16. a4 Qh5 17. axb5 cxb5 18. Qb3 Nb6 19. Qxb5 Qg4 20. Bg3 Bd7 21.
Qb1 Na4 22. Rc1 f5 23. exf5 exf5 24. Qb3+ Kh8 25. Rxa4 Bxa4 26. Qxa4 f4 27. h3
Qe6 28. Bh2 Rab8 29. Nf3 Rb2 30. Re1 Qd6 31. Qxa7 Bf6 32. Qa4 Qb8 33. Qa5 g6
34. g4 fxg3 35. Bxg3 Qb7 36. Ne5 Ra8 37. Qc5 Rba2 38. Be4 1-0

[Event "18. Obert Int. Sant Marti 2016 - B"]
[Site "Barcelona ESP"]
[Date "2016.07.13"]
[Round "1.12"]
[White "Serentill Tost, Eduard"]
[Black "Cervello I Tost, Roger"]
[Result "0-1"]
[WhiteElo "1650"]
[BlackElo "1910"]
[PlyCount "84"]
[EventDate "2016.07.13"]
[EventType "swiss"]
[EventRounds "9"]
[EventCountry "ESP"]
[SourceTitle "Ajedrez en Madrid"]
[Source "lmi"]
[SourceDate "2016.07.13"]
[SourceVersion "1"]
[SourceVersionDate "2019.06.21"]
[SourceQuality "1"]

1. e4 e5 2. Nf3 Nc6 3. Bb5 a6 4. Ba4 Nf6 5. O-O b5 6. Bb3 Be7 7. Re1 O-O 8. a4
Bb7 9. axb5 axb5 10. Rxa8 Bxa8 11. c3 d5 12. exd5 Nxd5 13. d4 exd4 14. Nxd4
Nxd4 15. Qxd4 c5 16. Qg4 Nf6 17. Qe2 c4 18. Qxe7 Qd5 19. f3 cxb3 20. Qe2 h6 21.
Rd1 Qc4 22. Qxc4 bxc4 23. Rd4 Bd5 24. Nd2 Ra8 25. Nf1 Ra1 26. Be3 Rb1 27. Rd2
Be6 28. g4 Nd5 29. Kf2 Rxf1+ 30. Kxf1 Nxe3+ 31. Kf2 Nd5 32. Kg3 g5 33. h3 Nf4
34. h4 f6 35. hxg5 hxg5 36. Kf2 Kf7 37. Ke3 Bd5 38. Kf2 Ke6 39. Kg3 Kd6 40. Kf2
Kc5 41. Ke3 Nd3 42. Rg2 Bxf3 0-1

[Event "18. Obert Int. Sant Marti 2016 - B"]
[Site "Barcelona ESP"]
[Date "2016.07.13"]
[Round "1.13"]
[White "Garcia Clemente, Julian Fco."]
[Black "Romero Gamez, Francisco Javier"]
[Result "1-0"]
[WhiteElo "1910"]
[BlackElo "1649"]
[PlyCount "49"]
[EventDate "2016.07.13"]
[EventType "swiss"]
[EventRounds "9"]
[EventCountry "ESP"]
[SourceTitle "Ajedrez en Madrid"]
[Source "lmi"]
[SourceDate "2016.07.13"]
[SourceVersion "1"]
[SourceVersionDate "2019.06.21"]
[SourceQuality "1"]

1. d4 Nf6 2. c4 g6 3. Nc3 Bg7 4. e4 d6 5. Be2 O-O 6. Bg5 c6 7. Nf3 Bg4 8. O-O
Nbd7 9. Qc2 c5 10. d5 Bxf3 11. Bxf3 Ne5 12. Be2 a6 13. a4 h6 14. Bd2 Kh7 15. f4
Ned7 16. Rad1 Qc7 17. Rf3 Rae8 18. Rh3 e5 19. f5 Rh8 20. Qc1 Ng8 21. Rf1 Qd8
22. g4 Bf8 23. g5 Qe7 24. fxg6+ fxg6 25. Rhf3 1-0

[Event "18. Obert Int. Sant Marti 2016 - B"]
[Site "Barcelona ESP"]
[Date "2016.07.13"]
[Round "1.14"]
[White "Mas Sayos, Lluis"]
[Black "Molina Hernandez, Albert"]
[Result "0-1"]
[WhiteElo "1643"]
[BlackElo "1908"]
[PlyCount "122"]
[EventDate "2016.07.13"]
[EventType "swiss"]
[EventRounds "9"]
[EventCountry "ESP"]
[SourceTitle "Ajedrez en Madrid"]
[Source "lmi"]
[SourceDate "2016.07.13"]
[SourceVersion "1"]
[SourceVersionDate "2019.06.21"]
[SourceQuality "1"]

1. e4 c5 2. Nf3 Nc6 3. d4 cxd4 4. Nxd4 e5 5. Nb5 a6 6. Nd6+ Bxd6 7. Qxd6 Qf6 8.
Qxf6 Nxf6 9. f3 d5 10. exd5 Nxd5 11. c3 Bf5 12. Be2 O-O 13. O-O b5 14. g3 Rfe8
15. Bg5 h6 16. Bd2 Rad8 17. Rd1 Re7 18. Na3 Red7 19. Rac1 Kf8 20. Kf2 Nb6 21.
Be3 Rxd1 22. Rxd1 Na4 23. Rxd8+ Nxd8 24. Bc1 Be6 25. c4 bxc4 26. Nxc4 Nc6 27.
b3 Nc3 28. Bb2 Nxe2 29. Kxe2 f6 30. Ba3+ Ke8 31. Bc5 Bxc4+ 32. bxc4 Nd8 33. Bb6
Ne6 34. Ke3 f5 35. a4 Kd7 36. Kd2 Kc6 37. Be3 Nc5 38. h4 Nxa4 39. h5 Nb2 40.
Ba7 Nxc4+ 41. Kc3 Kb5 42. f4 exf4 43. gxf4 Nb6 44. Kb3 Nd5 45. Bb8 Nf6 46. Bd6
Nxh5 47. Kc3 Nf6 48. Kd3 h5 49. Bf8 h4 50. Ke3 h3 51. Kf3 Nh5 52. Bd6 a5 53.
Kf2 a4 54. Kg1 Kc4 55. Kh2 Kb3 56. Kxh3 a3 57. Kh4 a2 58. Be5 Nxf4 59. Bxg7 Nd3
60. Ba1 Nb2 61. Kg5 Kc2 0-1

[Event "18. Obert Int. Sant Marti 2016 - B"]
[Site "Barcelona ESP"]
[Date "2016.07.13"]
[Round "1.15"]
[White "Perez Garcia, Jose Miguel"]
[Black "Demestres Lopez, Ricard"]
[Result "1-0"]
[WhiteElo "1904"]
[BlackElo "1643"]
[PlyCount "127"]
[EventDate "2016.07.13"]
[EventType "swiss"]
[EventRounds "9"]
[EventCountry "ESP"]
[SourceTitle "Ajedrez en Madrid"]
[Source "lmi"]
[SourceDate "2016.07.13"]
[SourceVersion "1"]
[SourceVersionDate "2019.06.21"]
[SourceQuality "1"]

1. e4 e5 2. Nf3 d6 3. Bc4 Be7 4. d4 exd4 5. Nxd4 Nf6 6. Nc3 O-O 7. O-O c5 8.
Nde2 Be6 9. Bd5 Nc6 10. f3 Bxd5 11. Nxd5 Nxd5 12. Qxd5 Qc7 13. Bf4 Rad8 14.
Rfd1 Qc8 15. Be3 Qe6 16. Nf4 Qxd5 17. Rxd5 Bf6 18. c3 Na5 19. Rad1 Nc4 20. Bc1
Be7 21. b3 Nb6 22. R5d3 c4 23. bxc4 Nxc4 24. Nd5 Rd7 25. Nxe7+ Rxe7 26. Rd4 Rc8
27. Bf4 f6 28. Rb1 Rc6 29. Rb4 Rec7 30. h3 Ne5 31. Bd2 Nc4 32. Be1 Na3 33. Rb2
Nc4 34. Re2 Rb6 35. Kf1 Kf7 36. Bf2 Rb1+ 37. Re1 Rb2 38. Re2 Rb1+ 39. Be1 Ke6
40. f4 Nb6 41. Kf2 Nc4 42. Kf3 b5 43. g4 Rb2 44. Rxc4 Rxe2 45. f5+ Kd7 46.
Rxc7+ Kxc7 47. Kxe2 Kc6 48. Kd3 d5 49. Kd4 dxe4 50. Bf2 a6 51. Kxe4 Kd6 52. Kd4
g6 53. Bg3+ Kd7 54. Kd5 gxf5 55. gxf5 h6 56. h4 h5 57. Be1 Ke7 58. Kc6 Ke8 59.
Kd6 Kf7 60. Kd7 a5 61. a3 Kf8 62. Ke6 Kg7 63. Ke7 a4 64. Ke6 1-0

[Event "18. Obert Int. Sant Marti 2016 - B"]
[Site "Barcelona ESP"]
[Date "2016.07.13"]
[Round "1.16"]
[White "Febrero Perez, Lluis"]
[Black "Palacios Pena, Gerardo"]
[Result "1/2-1/2"]
[WhiteElo "1642"]
[BlackElo "1903"]
[PlyCount "71"]
[EventDate "2016.07.13"]
[EventType "swiss"]
[EventRounds "9"]
[EventCountry "ESP"]
[SourceTitle "Ajedrez en Madrid"]
[Source "lmi"]
[SourceDate "2016.07.13"]
[SourceVersion "1"]
[SourceVersionDate "2019.06.21"]
[SourceQuality "1"]

1. e4 c5 2. Nf3 Nc6 3. d4 cxd4 4. Nxd4 Nf6 5. Nxc6 bxc6 6. Bd3 d6 7. Nd2 g6 8.
b3 Bg7 9. Bb2 O-O 10. O-O Bg4 11. f3 Be6 12. c4 a5 13. Qe2 a4 14. e5 Nd7 15.
Be4 Nxe5 16. f4 Nd7 17. Bxg7 Kxg7 18. f5 gxf5 19. Bxf5 Bxf5 20. Rxf5 Nf6 21.
Raf1 Kh8 22. Qf3 axb3 23. axb3 Ra2 24. Ne4 Nxe4 25. Qxe4 Rg8 26. Rxf7 Rgxg2+
27. Qxg2 Rxg2+ 28. Kxg2 Kg8 29. R1f3 Qe8 30. R7f5 h6 31. h4 Kg7 32. Rg3+ Kh7
33. Rgf3 Qg6+ 34. Kf2 Qe6 35. h5 Kg7 36. Rg3+ 1/2-1/2

[Event "18. Obert Int. Sant Marti 2016 - B"]
[Site "Barcelona ESP"]
[Date "2016.07.13"]
[Round "1.17"]
[White "Costa Trave, Jaume"]
[Black "Grasa Solanas, Oscar"]
[Result "1-0"]
[WhiteElo "1902"]
[BlackElo "1637"]
[PlyCount "63"]
[EventDate "2016.07.13"]
[EventType "swiss"]
[EventRounds "9"]
[EventCountry "ESP"]
[SourceTitle "Ajedrez en Madrid"]
[Source "lmi"]
[SourceDate "2016.07.13"]
[SourceVersion "1"]
[SourceVersionDate "2019.06.21"]
[SourceQuality "1"]

1. f4 d5 2. Nf3 Bg4 3. e3 Bxf3 4. Qxf3 Nf6 5. d4 e6 6. Bd3 Be7 7. O-O Nbd7 8.
c3 Nf8 9. Nd2 Qd7 10. e4 O-O-O 11. e5 Ne8 12. a4 f6 13. a5 fxe5 14. fxe5 g5 15.
b4 h5 16. b5 g4 17. Qe2 Ng7 18. Rf7 Nf5 19. Bxf5 exf5 20. Ba3 Ng6 21. b6 a6 22.
bxc7 Rdf8 23. e6 Qe8 24. Bxe7 Nxe7 25. Qe5 Rxf7 26. exf7 Qf8 27. c4 Rh7 28.
cxd5 Qxf7 29. Nc4 Rh6 30. Nb6+ Rxb6 31. axb6 Qxd5 32. Re1 1-0

[Event "18. Obert Int. Sant Marti 2016 - B"]
[Site "Barcelona ESP"]
[Date "2016.07.13"]
[Round "1.18"]
[White "Domenche Redondo, Francesc"]
[Black "Valarezzo Ricard, Pedro"]
[Result "0-1"]
[WhiteElo "1622"]
[BlackElo "1887"]
[PlyCount "100"]
[EventDate "2016.07.13"]
[EventType "swiss"]
[EventRounds "9"]
[EventCountry "ESP"]
[SourceTitle "Ajedrez en Madrid"]
[Source "lmi"]
[SourceDate "2016.07.13"]
[SourceVersion "1"]
[SourceVersionDate "2019.06.21"]
[SourceQuality "1"]

1. d4 Nf6 2. Nf3 d5 3. c4 e6 4. Bg5 Be7 5. Bxf6 Bxf6 6. e3 O-O 7. Nc3 c6 8.
cxd5 exd5 9. Bd3 Bg4 10. O-O Re8 11. Rc1 Nd7 12. h3 Bh5 13. g4 Bg6 14. Bxg6
hxg6 15. Qb3 Rb8 16. Na4 Qe7 17. Nc5 Nxc5 18. Rxc5 Qe6 19. Qd3 Be7 20. Rcc1 Bd6
21. Ng5 Qd7 22. f4 f6 23. Nf3 Kf7 24. Nh4 Re4 25. Nf3 Rh8 26. Kg2 Rhe8 27. Rc3
Rxe3 28. Qxe3 Rxe3 29. Rxe3 Qc7 30. f5 g5 31. Re6 Bf8 32. Rfe1 Qb6 33. R1e2 Qb4
34. a3 Qc4 35. Rd2 g6 36. Ree2 gxf5 37. gxf5 Bh6 38. Nh2 g4 39. Nxg4 Bxd2 40.
Rxd2 Qc1 41. Rf2 Qd1 42. Kg3 Qxd4 43. Kh4 c5 44. Kh5 Qd1 45. Kh4 Qe1 46. Kh5
Qe8 47. Kh4 Qe4 48. Kh5 d4 49. Rf1 Qg2 50. Nh6+ Kg7 0-1

[Event "18. Obert Int. Sant Marti 2016 - B"]
[Site "Barcelona ESP"]
[Date "2016.07.13"]
[Round "1.19"]
[White "Sanchez Coves, Juan Josep"]
[Black "Moreno Perez, Norberto"]
[Result "1/2-1/2"]
[WhiteElo "1610"]
[BlackElo "1886"]
[PlyCount "126"]
[EventDate "2016.07.13"]
[EventType "swiss"]
[EventRounds "9"]
[EventCountry "ESP"]
[SourceTitle "Ajedrez en Madrid"]
[Source "lmi"]
[SourceDate "2016.07.13"]
[SourceVersion "1"]
[SourceVersionDate "2019.06.21"]
[SourceQuality "1"]

1. e4 e5 2. Nf3 d6 3. d4 exd4 4. Qxd4 Nc6 5. Bb5 Bd7 6. Bxc6 Bxc6 7. Nc3 Qf6 8.
Bg5 Qxd4 9. Nxd4 h6 10. Nxc6 bxc6 11. Be3 Be7 12. O-O-O a5 13. f4 a4 14. a3 Nf6
15. h3 Nd7 16. g4 O-O 17. e5 d5 18. Bd4 Rfb8 19. Rhe1 Bh4 20. Re2 c5 21. Bf2
Bxf2 22. Rxf2 d4 23. Nd5 Rb7 24. Rfd2 Nb6 25. Nxb6 Rxb6 26. c3 dxc3 27. Rd8+
Rxd8 28. Rxd8+ Kh7 29. bxc3 Rb3 30. Kc2 Rxa3 31. Kb2 Rb3+ 32. Kc2 c4 33. Rd4 a3
34. Rxc4 Rb2+ 35. Kc1 Rf2 36. Kb1 c6 37. f5 Re2 38. Rxc6 Rxe5 39. Ka2 Re3 40.
Kxa3 Rxh3 41. Kb4 Rg3 42. Rc4 Rf3 43. Rd4 h5 44. gxh5 Rxf5 45. c4 Rxh5 46. c5
Rh1 47. c6 Rb1+ 48. Kc5 Rb8 49. c7 Rc8 50. Kc6 g5 51. Kb7 Rxc7+ 52. Kxc7 Kg6
53. Kd6 Kf5 54. Rd1 Ke4 55. Re1+ Kf3 56. Rf1+ Ke3 57. Rxf7 g4 58. Rg7 Kf3 59.
Ke5 g3 60. Rf7+ Ke3 61. Rg7 Kf2 62. Rf7+ Ke3 63. Rg7 Kf2 1/2-1/2

[Event "18. Obert Int. Sant Marti 2016 - B"]
[Site "Barcelona ESP"]
[Date "2016.07.13"]
[Round "1.20"]
[White "Garcia Ruiz, Adrian"]
[Black "Grindbakken, Erik"]
[Result "1-0"]
[WhiteElo "1884"]
[BlackElo "1610"]
[PlyCount "83"]
[EventDate "2016.07.13"]
[EventType "swiss"]
[EventRounds "9"]
[EventCountry "ESP"]
[SourceTitle "Ajedrez en Madrid"]
[Source "lmi"]
[SourceDate "2016.07.13"]
[SourceVersion "1"]
[SourceVersionDate "2019.06.21"]
[SourceQuality "1"]

1. e4 c6 2. Nc3 d5 3. Nf3 h6 4. h3 dxe4 5. Nxe4 Bf5 6. Ng3 Bh7 7. Bc4 Nf6 8.
O-O e6 9. Re1 Nbd7 10. d4 Bd6 11. Ne5 Bxe5 12. dxe5 Nd5 13. Qg4 Bg6 14. c3 Qc7
15. Qe2 N5b6 16. Bb3 Nc5 17. Bd1 Nd3 18. Rf1 Qxe5 19. Qg4 Nxc1 20. Rxc1 O-O 21.
Bb3 Rfd8 22. Rfe1 Qf6 23. Bxe6 Rd2 24. Bf5 Rxb2 25. h4 h5 26. Qe4 Rxa2 27. Qb1
Rd2 28. Ne4 Qxf5 29. Nxd2 Qf4 30. Qa2 Qxh4 31. Nf3 Qf6 32. Ne5 Bf5 33. Rcd1 Nd5
34. Qb3 Re8 35. Qxb7 Rxe5 36. Qb8+ Kh7 37. Rxe5 Nxc3 38. Rde1 Be4 39. Rxh5+ Kg6
40. Rh3 Qd4 41. Qg3+ Kf6 42. Qxc3 1-0

[Event "18. Obert Int. Sant Marti 2016 - B"]
[Site "Barcelona ESP"]
[Date "2016.07.13"]
[Round "1.21"]
[White "Molina Manas, Miquel"]
[Black "Minko, Dmitry"]
[Result "0-1"]
[WhiteElo "1606"]
[BlackElo "1884"]
[PlyCount "84"]
[EventDate "2016.07.13"]
[EventType "swiss"]
[EventRounds "9"]
[EventCountry "ESP"]
[SourceTitle "Ajedrez en Madrid"]
[Source "lmi"]
[SourceDate "2016.07.13"]
[SourceVersion "1"]
[SourceVersionDate "2019.06.21"]
[SourceQuality "1"]

1. e4 e5 2. Nc3 Nf6 3. Bc4 Nc6 4. d3 h6 5. Nge2 Bc5 6. h3 O-O 7. O-O Na5 8. Bb3
Nxb3 9. axb3 a6 10. Be3 Ba7 11. Bxa7 Rxa7 12. f4 exf4 13. Nxf4 Re8 14. Qf3 b6
15. Nfd5 Re6 16. Qg3 Nxd5 17. Nxd5 d6 18. Rf2 Rg6 19. Qf3 c6 20. Nf4 Rg5 21.
Ne2 c5 22. Nf4 b5 23. Nd5 h5 24. Nf4 h4 25. Qe3 Re7 26. Raf1 Ree5 27. d4 Rg3
28. Rf3 Reg5 29. Rxg3 Rxg3 30. Rf3 cxd4 31. Qxd4 Rxf3 32. gxf3 Qg5+ 33. Ng2
Bxh3 34. Qf2 Qxg2+ 35. Qxg2 Bxg2 36. Kxg2 g5 37. Kh3 Kf8 38. f4 f6 39. f5 Ke7
40. c4 Kd7 41. cxb5 axb5 42. b4 d5 0-1